| 000 | 00629 a2200229 4500 | ||
|---|---|---|---|
| 001 | 19999 | ||
| 999 |
_c19999 _d6687 |
||
| 003 | TR-AnTOB | ||
| 005 | 20200420164814.0 | ||
| 008 | 041102s1996 tu tur | ||
| 020 | _a9755560038 | ||
| 041 | _atur | ||
| 050 |
_aQC30 _b.B4719 1996 |
||
| 090 | _aQC30 .B4719 1996 | ||
| 245 | 0 |
_aMekanik: Berkeley Fizik dersleri / _cCharles Kittel...[et. al.] ; çev. ve redaksiyon Tahsin Nuri Durlu, Yalçın Elerman. |
|
| 250 | _a3. bs. | ||
| 264 | 1 |
_aAnkara : _bBilim Kitabevi, _c1996 |
|
| 300 |
_a352 p. ; _c26 cm. |
||
| 650 |
_aFizik _xEkonomik yönleri _91623 |
||
| 650 |
_aMekanik _99787 |
||
| 902 | _a0009668 | ||
| 942 | _cBK | ||